00796nam a2200217 i 4500001000300000100002300003245011700026260006200143650002100205650003000226655003000256700002900286040000800315041001300323080003000336942000700366008004100373999001700414856009800431952004900529bg1 aSTARCZYŃSKA, Ewa10aJęzyk rosyjski dla studentów Wydziału Inżynierii Lądowej /cEwa Starczyńska, Krzysztof Starczyński. aWarszawa :bWydawnictwa Politechniki Warszawskiej,c1987. 9aJęzyk rosyjski 9aBudownictwoxterminologia aPodręczniki akademickie1 aSTARCZYŃSKI, Krzysztof cBPK0 arusbpol a811.161.1::624+69](075.8) cKS s pl f |000 0 pol  c10620d10620 uhttp://koha.tu.koszalin.pl/cgi-bin/koha/opac-detail.pl?biblionumber=10620yKatalog online BPK 00104070aBPKbBPKcwoS 322p02326894yKS